| 000 | 00662nam a2200145 a 4500 | ||
|---|---|---|---|
| 008 | 110520s2002 ||||||||||||||||| || u | ||
| 050 | _aTHESIS/POSTGRADUATE | ||
| 100 | _aLwambula, Humphrey | ||
| 245 | 1 | 3 |
_aAn evaluation of MBA programme at Copperbelt University-CBU _cMBA thesis supervised by Prof. N. J. Roan |
| 260 |
_aKitwe _bCopperbelt University, School of Business, MBA Programme _c2002 |
||
| 350 | _a0.00 | ||
| 650 | 0 | _aEDUCATIONAL TESTS AND MEASUREMENTS | |
| 650 | _aMBA DEGREE | ||
| 995 |
_D0.00 _FCBU-MAIN LIBRARY (Kitwe) _H1 _I0.00 _M1 _UAVAILABLE _WMay 20, 2011 _ZUniversity Collection |
||
| 999 |
_c42671 _d42671 |
||